[Event "24. European Club Cup 2008 Femenino"]
[Site "Kallithea GRE"]
[Date "2008.10.17"]
[Round "1.1"]
[White "Cramling, Pia"]
[Black "Ciuksyte, Dagne"]
[Result "1/2-1/2"]
[WhiteElo "2550"]
[BlackElo "2339"]
[PlyCount "70"]
[EventDate "2008.10.17"]
[EventType "team-tourn"]
[EventRounds "7"]
[EventCountry "GRE"]
[Source "lmi"]
[SourceDate "2008.10.17"]
[WhiteTeam "CEMC"]
[BlackTeam "Panevezys"]

1. d4 Nf6 2. Nf3 e6 3. c4 Bb4+ 4. Nbd2 O-O 5. a3 Bxd2+ 6. Bxd2 Ne4 7. Bf4 d6 8.
e3 Nd7 9. Qc2 f5 10. Bd3 Ndf6 11. h3 c5 12. Bh2 b6 13. g4 Bb7 14. gxf5 exf5 15.
Rg1 Rc8 16. d5 b5 17. O-O-O bxc4 18. Bxc4 Nd7 19. Bd3 Bxd5 20. Bc4 Bxc4 21.
Qxc4+ Kh8 22. Bxd6 Nxd6 23. Rxd6 Qe7 24. Re6 Qf7 25. Ng5 Qg8 26. Qh4 c4 27. Re7
Nc5 28. Qh5 Nd3+ 29. Kc2 Rb8 30. Nf7+ Rxf7 31. Qxf7 Rxb2+ 32. Kc3 Rb3+ 33. Kc2
Rb2+ 34. Kc3 Rb3+ 35. Kc2 Rb2+ 1/2-1/2

[Event "24. European Club Cup 2008 Femenino"]
[Site "Kallithea GRE"]
[Date "2008.10.17"]
[Round "1.1"]
[White "Daulyte, Deimante"]
[Black "Dzagnidze, Nana"]
[Result "0-1"]
[WhiteElo "2278"]
[BlackElo "2503"]
[PlyCount "78"]
[EventDate "2008.10.17"]
[EventType "team-tourn"]
[EventRounds "7"]
[EventCountry "GRE"]
[Source "lmi"]
[SourceDate "2008.10.17"]
[WhiteTeam "Panevezys"]
[BlackTeam "CEMC"]

1. e4 c5 2. Nf3 d6 3. d4 cxd4 4. Nxd4 Nf6 5. Nc3 a6 6. Bg5 Nbd7 7. f4 g6 8. Qf3
Qc7 9. O-O-O Bg7 10. g4 O-O 11. Rg1 e5 12. Nde2 exf4 13. Qxf4 Re8 14. Bg2 Re5
15. Bh4 h6 16. Qf3 Rc5 17. h3 Ne5 18. Qf2 g5 19. Bg3 Be6 20. Nd4 Rc8 21. Bxe5
Rxe5 22. Nf5 Bxf5 23. exf5 Rc5 24. Rd2 d5 25. Re1 Rxc3 26. bxc3 Qxc3 27. Kd1
Ne4 28. Bxe4 dxe4 29. Rxe4 Qxh3 30. f6 Bf8 31. Rd3 Qh1+ 32. Re1 Qc6 33. Re2 Qc4
34. Qf5 Rc5 35. Qe4 Qxa2 36. Rf3 Qa1+ 37. Kd2 Rc6 38. Ref2 Re6 39. Qxb7 Qd4+
0-1

[Event "24. European Club Cup 2008 Femenino"]
[Site "Kallithea GRE"]
[Date "2008.10.17"]
[Round "1.1"]
[White "Socko, Monika"]
[Black "Makka, Ioulia"]
[Result "1-0"]
[WhiteElo "2434"]
[BlackElo "2220"]
[PlyCount "153"]
[EventDate "2008.10.17"]
[EventType "team-tourn"]
[EventRounds "7"]
[EventCountry "GRE"]
[Source "lmi"]
[SourceDate "2008.10.17"]
[WhiteTeam "CEMC"]
[BlackTeam "Panevezys"]

1. e4 c6 2. c4 d5 3. exd5 cxd5 4. cxd5 Nf6 5. Qa4+ Nbd7 6. Nc3 g6 7. Nf3 Bg7 8.
Bc4 O-O 9. d3 a6 10. Qa3 Nb6 11. Qb3 Nbd7 12. a4 Nc5 13. Qa3 b6 14. Be3 Nb7 15.
O-O Nd6 16. Ne5 Qc7 17. Rfe1 Bb7 18. Qb4 Nc8 19. Nf3 Rd8 20. Qb3 Ng4 21. Rac1
Rd7 22. Rc2 Rb8 23. Ne2 Nxe3 24. fxe3 Qd6 25. Rec1 Na7 26. Qa3 Bh6 27. Kf2 Qxa3
28. bxa3 b5 29. axb5 axb5 30. Ba2 Bxd5 31. Bxd5 Rxd5 32. d4 Rd7 33. Ne5 Rdb7
34. Nd3 Bf8 35. Nb4 e6 36. Nf4 Rd7 37. Nfd3 Rdd8 38. Rc7 Ra8 39. Nc5 Nc8 40.
Nc6 Re8 41. Ne4 Kg7 42. Ne5 Nd6 43. Nxd6 Bxd6 44. Rxf7+ Kg8 45. Rd7 Bxe5 46.
dxe5 Rxa3 47. Rcc7 Rf8+ 48. Ke2 Ra2+ 49. Kd3 Rf5 50. Rg7+ Kf8 51. Rxh7 Ra3+ 52.
Kd4 Kg8 53. Rcg7+ Kf8 54. Rb7 Kg8 55. Rhg7+ Kf8 56. Rgc7 Ra4+ 57. Kc3 Rc4+ 58.
Rxc4 bxc4 59. Kxc4 Rf2 60. Kc5 Rxg2 61. Kd6 Rxh2 62. Kxe6 Re2 63. Rf7+ Ke8 64.
Rg7 Kf8 65. Rf7+ Ke8 66. Rf3 Ra2 67. Kf6 Ra6+ 68. e6 Ra5 69. Rf4 Rb5 70. Rf1
Rb2 71. Rg1 Rf2+ 72. Ke5 Rf5+ 73. Kd6 g5 74. Ra1 Kf8 75. Ra8+ Kg7 76. e7 Rf6+
77. Kd5 1-0

[Event "24. European Club Cup 2008 Femenino"]
[Site "Kallithea GRE"]
[Date "2008.10.17"]
[Round "1.1"]
[White "Limontaite, Simona"]
[Black "Skripchenko, Almira"]
[Result "1/2-1/2"]
[WhiteElo "2197"]
[BlackElo "2455"]
[PlyCount "98"]
[EventDate "2008.10.17"]
[EventType "team-tourn"]
[EventRounds "7"]
[EventCountry "GRE"]
[Source "lmi"]
[SourceDate "2008.10.17"]
[WhiteTeam "Panevezys"]
[BlackTeam "CEMC"]

1. d4 Nf6 2. c4 e6 3. Nf3 Bb4+ 4. Nbd2 b6 5. a3 Bxd2+ 6. Bxd2 Bb7 7. Bg5 h6 8.
Bh4 d6 9. e3 Nbd7 10. Bd3 g5 11. Bg3 h5 12. h3 Rg8 13. Qc2 Qe7 14. O-O-O O-O-O
15. h4 g4 16. Ne1 e5 17. Bf5 Kb8 18. Rg1 Rde8 19. d5 Rc8 20. Kb1 c6 21. dxc6
Rxc6 22. Qd2 Nc5 23. f3 Ba6 24. Qb4 Ka8 25. Nc2 Bb7 26. e4 a5 27. Qc3 Ne6 28.
Bxe6 fxe6 29. a4 Nd7 30. b3 d5 31. exd5 exd5 32. Rxd5 Rcg6 33. f4 Bxd5 34. cxd5
exf4 35. Bxf4 Qc5 36. Qxc5 Nxc5 37. Nd4 Re8 38. Rd1 g3 39. d6 Re4 40. d7 Nxd7
41. Bc7 Nc5 42. Nb5 Rb4 43. Rd8+ Kb7 44. Rb8+ Ka6 45. Ra8+ Kb7 46. Rb8+ Ka6 47.
Ra8+ Kb7 48. Rb8+ Ka6 49. Ra8+ Kb7 1/2-1/2

[Event "24. European Club Cup 2008 Femenino"]
[Site "Kallithea GRE"]
[Date "2008.10.17"]
[Round "1.2"]
[White "Voicu, Carmen"]
[Black "Kosintseva, Nadezhda"]
[Result "0-1"]
[WhiteElo "2239"]
[BlackElo "2468"]
[PlyCount "116"]
[EventDate "2008.10.17"]
[EventType "team-tourn"]
[EventRounds "7"]
[EventCountry "GRE"]
[Source "lmi"]
[SourceDate "2008.10.17"]
[WhiteTeam "Gross-Lehna"]
[BlackTeam "Vidnoe"]

1. e4 e5 2. Nf3 Nc6 3. Bc4 Bc5 4. c3 Nf6 5. d3 a6 6. Bb3 Ba7 7. O-O h6 8. Re1
d6 9. h3 O-O 10. Nbd2 Be6 11. Bc2 d5 12. Qe2 dxe4 13. Nxe4 Re8 14. Bd2 Nxe4 15.
dxe4 Qf6 16. Red1 Ne7 17. Nh2 Ng6 18. Ng4 Qh4 19. Qf3 Rad8 20. Ne3 Nf4 21. Nf5
Bxf5 22. exf5 Nd5 23. Qe2 e4 24. Be1 Qf4 25. c4 Nf6 26. Rxd8 Rxd8 27. Bc3 Bd4
28. Rd1 c5 29. Bd2 Qxf5 30. Be3 Qe5 31. b3 Rd6 32. Re1 Re6 33. g3 h5 34. Kg2
Re8 35. a3 b6 36. b4 h4 37. gxh4 Nh5 38. Rg1 Nf4+ 39. Bxf4 Qxf4 40. h5 e3 41.
f3 Re5 42. Kf1 Rxh5 43. Rg4 Qf6 44. Qg2 Re5 45. Ke2 Re8 46. f4 Bb2 47. Qd5 Rd8
48. Qe4 Bc1 49. Qh7+ Kf8 50. Rg5 g6 51. Re5 Bb2 52. Qh6+ Kg8 53. Rxe3 Qd4 54.
Bxg6 Qd1+ 55. Kf2 Rd2+ 56. Kg3 Qg1+ 57. Kh4 Bf6+ 58. Kh5 Qd1+ 0-1

[Event "24. European Club Cup 2008 Femenino"]
[Site "Kallithea GRE"]
[Date "2008.10.17"]
[Round "1.2"]
[White "Ovod, Evgenija"]
[Black "Skogvall, Martina"]
[Result "1-0"]
[WhiteElo "2429"]
[BlackElo "2130"]
[PlyCount "139"]
[EventDate "2008.10.17"]
[EventType "team-tourn"]
[EventRounds "7"]
[EventCountry "GRE"]
[Source "lmi"]
[SourceDate "2008.10.17"]
[WhiteTeam "Vidnoe"]
[BlackTeam "Gross-Lehna"]

1. d4 Nf6 2. Bg5 e6 3. e4 h6 4. Bxf6 Qxf6 5. Nc3 Bb4 6. Qd2 d5 7. e5 Qe7 8. a3
Ba5 9. b4 Bb6 10. f4 Bd7 11. Nf3 O-O 12. Nd1 a5 13. Rb1 c6 14. Bd3 f5 15. exf6
Qxf6 16. g3 axb4 17. axb4 Be8 18. c3 Nd7 19. Ne5 Nxe5 20. fxe5 Qg5 21. Qxg5
hxg5 22. g4 Rf3 23. Bc2 Ra2 24. Rc1 c5 25. bxc5 Ba5 26. Rf1 Rh3 27. Rf2 Ra3 28.
Rb1 Bc6 29. Bg6 Bxc3+ 30. Nxc3 Rhxc3 31. Bf7+ Kh7 32. Bxe6 Ra4 33. Rd1 Bb5 34.
Rb2 Bc6 35. Kf2 Raa3 36. Bc8 Rf3+ 37. Kg2 Rf8 38. Bf5+ g6 39. Bd3 Kg7 40. Be2
Rf4 41. Rbd2 Kf8 42. Rf1 Ke7 43. Rxf4 gxf4 44. g5 Bd7 45. Bf3 Bc6 46. Bg4 Re3
47. Kf2 Bd7 48. Bf3 Bc6 49. h4 Ra3 50. h5 gxh5 51. Bxh5 Rh3 52. Bf3 Rg3 53. Rd1
Rxg5 54. Rh1 Rg6 55. Rh4 Rg8 56. Rxf4 Ra8 57. Kg3 Ra3 58. Kh4 Bd7 59. Bxd5 Rh3+
60. Kg5 Rg3+ 61. Kh5 Rh3+ 62. Rh4 Rg3 63. Kh6 Bc6 64. Bc4 Rc3 65. d5 Rxc4 66.
Rxc4 Bxd5 67. Rc1 Ke6 68. Re1 Bc6 69. Kg5 Kd5 70. Kf6 1-0

[Event "24. European Club Cup 2008 Femenino"]
[Site "Kallithea GRE"]
[Date "2008.10.17"]
[Round "1.3"]
[White "Danielian, Elina"]
[Black "Pitam, Ella"]
[Result "1/2-1/2"]
[WhiteElo "2513"]
[BlackElo "2295"]
[PlyCount "133"]
[EventDate "2008.10.17"]
[EventType "team-tourn"]
[EventRounds "7"]
[EventCountry "GRE"]
[Source "lmi"]
[SourceDate "2008.10.17"]
[WhiteTeam "Mika"]
[BlackTeam "Haifa"]

1. d4 d5 2. Nf3 Nf6 3. c4 e6 4. e3 c6 5. Nbd2 Nbd7 6. Bd3 Bd6 7. O-O e5 8. cxd5
cxd5 9. dxe5 Nxe5 10. Nxe5 Bxe5 11. Nf3 Bd6 12. Bb5+ Bd7 13. Bxd7+ Qxd7 14. b3
O-O 15. Bb2 Be7 16. Qd3 Rfd8 17. Rac1 Rac8 18. Qd4 a6 19. h3 h6 20. Ne5 Qe6 21.
Rfd1 Rxc1 22. Rxc1 Rc8 23. Rxc8+ Qxc8 24. Qd3 Qe6 25. Nf3 Ne4 26. Nd4 Qd7 27.
f3 Nc5 28. Qc3 Bf8 29. g4 Ne6 30. Nf5 f6 31. Kg2 Qc6 32. Qd3 Nc5 33. Qd1 Ne6
34. h4 Qc5 35. h5 Ng5 36. Qd3 Ne6 37. f4 Qc6 38. Qc3 Qxc3 39. Bxc3 Kf7 40. Kf3
Bc5 41. Ke2 Bf8 42. Bd4 Ke8 43. Kd3 Kd7 44. Bb6 Bb4 45. Nd4 Nxd4 46. Bxd4 Ke6
47. Bb2 Bc5 48. Bc3 Kd7 49. a4 Ke6 50. e4 dxe4+ 51. Kxe4 Bd6 52. f5+ Kd7 53.
Kd5 Be7 54. Bd4 Ba3 55. Be3 Bd6 56. Bd2 Ba3 57. b4 Bb2 58. Be3 Bc3 59. Bc5 Bd2
60. Bf8 Ke8 61. Bc5 Kd7 62. b5 axb5 63. axb5 Bf4 64. Bf8 Ke8 65. Bxg7 Kf7 66.
Bh8 b6 67. Ke4 1/2-1/2

[Event "24. European Club Cup 2008 Femenino"]
[Site "Kallithea GRE"]
[Date "2008.10.17"]
[Round "1.3"]
[White "Mkrtchian, Lilit"]
[Black "Vovinkina, Natalia"]
[Result "1-0"]
[WhiteElo "2443"]
[BlackElo "2147"]
[PlyCount "77"]
[EventDate "2008.10.17"]
[EventType "team-tourn"]
[EventRounds "7"]
[EventCountry "GRE"]
[Source "lmi"]
[SourceDate "2008.10.17"]
[WhiteTeam "Mika"]
[BlackTeam "Haifa"]

1. d4 Nf6 2. c4 g6 3. Nc3 Bg7 4. e4 d6 5. Nf3 O-O 6. Be2 e5 7. Be3 Nc6 8. d5
Ne7 9. Nd2 Ne8 10. c5 a6 11. Nc4 dxc5 12. Bxc5 Nd6 13. Qb3 b5 14. Na5 Bd7 15.
Qb4 Nec8 16. O-O f5 17. f3 Qh4 18. Bf2 Qe7 19. a4 Qe8 20. Qc5 Rf7 21. axb5 Nxb5
22. Nxb5 Bxb5 23. Bxb5 Qxb5 24. Nc4 Rb8 25. Ra5 Qb3 26. Rxa6 Bf8 27. Qc6 Bd6
28. Qa4 Qxa4 29. Rxa4 fxe4 30. fxe4 Kg7 31. Be3 Rxf1+ 32. Kxf1 Kf6 33. Ke2 g5
34. Ra6 Rb4 35. Kd3 Rb8 36. Bd2 h5 37. Ba5 Rb3+ 38. Bc3 Rb8 39. Nxe5 1-0

[Event "24. European Club Cup 2008 Femenino"]
[Site "Kallithea GRE"]
[Date "2008.10.17"]
[Round "1.3"]
[White "Porat, Maya"]
[Black "Khurtsidze, Nino"]
[Result "1/2-1/2"]
[WhiteElo "2167"]
[BlackElo "2417"]
[PlyCount "102"]
[EventDate "2008.10.17"]
[EventType "team-tourn"]
[EventRounds "7"]
[EventCountry "GRE"]
[Source "lmi"]
[SourceDate "2008.10.17"]
[WhiteTeam "Haifa"]
[BlackTeam "Mika"]

1. d4 Nf6 2. c4 e6 3. Nf3 b6 4. g3 Bb4+ 5. Bd2 Be7 6. Bg2 c6 7. Ne5 O-O 8. O-O
Ba6 9. b3 d5 10. Bc3 Nfd7 11. Nxd7 Nxd7 12. Nd2 b5 13. e4 bxc4 14. bxc4 Nb6 15.
exd5 cxd5 16. Ba5 Qd7 17. Bxb6 axb6 18. Re1 Bb7 19. Nf3 dxc4 20. Ne5 Qc7 21.
Bxb7 Qxb7 22. Nxc4 Rfd8 23. Qg4 Ra4 24. Rec1 Qa6 25. Ne5 Bf6 26. Rd1 Rxa2 27.
Rac1 Qe2 28. Qxe2 Rxe2 29. Rb1 Rc2 30. Kg2 h5 31. Nf3 Rc6 32. Rb5 Rd5 33. Rdb1
Rxb5 34. Rxb5 g6 35. Kf1 Kf8 36. Ke2 Ke7 37. Kd3 Kd7 38. Ke4 Kc7 39. Rb2 Rc3
40. Ra2 Kb7 41. h3 b5 42. g4 b4 43. Ra5 Kb6 44. Ra8 b3 45. Rb8+ Ka7 46. Rb5 Ka6
47. Rb8 Ka5 48. Nd2 Rxh3 49. Nxb3+ Ka4 50. Nc5+ Ka3 51. Rb7 hxg4 1/2-1/2

[Event "24. European Club Cup 2008 Femenino"]
[Site "Kallithea GRE"]
[Date "2008.10.17"]
[Round "1.4"]
[White "Cmilyte, Viktorija"]
[Black "Boric, Elena"]
[Result "1-0"]
[WhiteElo "2512"]
[BlackElo "2292"]
[PlyCount "47"]
[EventDate "2008.10.17"]
[EventType "team-tourn"]
[EventRounds "7"]
[EventCountry "GRE"]
[Source "lmi"]
[SourceDate "2008.10.17"]
[WhiteTeam "Finek"]
[BlackTeam "Rudar"]

1. d4 f5 2. g3 Nf6 3. Nf3 g6 4. c4 Bg7 5. b4 O-O 6. Bg2 d6 7. Bb2 c6 8. O-O Qe8
9. Nbd2 a5 10. a3 axb4 11. axb4 Rxa1 12. Bxa1 Ne4 13. Qb3 Nxd2 14. Nxd2 e5 15.
c5+ Be6 16. d5 Bf7 17. cxd6 Qd8 18. Nc4 Bxd5 19. Bxd5+ cxd5 20. Nxe5 Qxd6 21.
Rd1 Nc6 22. Rxd5 Qe6 23. Nxc6 bxc6 24. Rd7 1-0

[Event "24. European Club Cup 2008 Femenino"]
[Site "Kallithea GRE"]
[Date "2008.10.17"]
[Round "1.4"]
[White "Vujic-Katanic, Branka"]
[Black "Demina, Julia"]
[Result "1/2-1/2"]
[WhiteElo "2107"]
[BlackElo "2357"]
[PlyCount "87"]
[EventDate "2008.10.17"]
[EventType "team-tourn"]
[EventRounds "7"]
[EventCountry "GRE"]
[Source "lmi"]
[SourceDate "2008.10.17"]
[WhiteTeam "Rudar"]
[BlackTeam "Finek"]

1. Nf3 d5 2. d4 Nf6 3. c4 e6 4. g3 Bb4+ 5. Nbd2 O-O 6. Bg2 b6 7. O-O Bb7 8. Ne5
Be7 9. Qc2 c5 10. cxd5 exd5 11. Ndf3 Na6 12. Rd1 Rc8 13. Bf4 cxd4 14. Qa4 Nc5
15. Qxd4 Ne6 16. Qa4 Nxf4 17. gxf4 a6 18. Rac1 b5 19. Qd4 Ne4 20. Nd3 Rc4 21.
Qa7 Qb8 22. Qxb8 Rxb8 23. Nfe5 Rxc1 24. Rxc1 Rc8 25. Rxc8+ Bxc8 26. Nc6 Bd6 27.
Ndb4 Be6 28. Nxa6 Bxf4 29. Nab4 Bd6 30. Nd3 Kf8 31. Nd4 Bd7 32. f4 Ke7 33. e3
Kf6 34. Kf1 g5 35. fxg5+ Kxg5 36. a3 Nf6 37. Kg1 Ng4 38. Bxd5 Bxh2+ 39. Kh1
Nxe3 40. Bxf7 Bd6 41. Bg8 h5 42. Bh7 Nc4 43. Be4 Ne5 44. Nxe5 1/2-1/2

[Event "24. European Club Cup 2008 Femenino"]
[Site "Kallithea GRE"]
[Date "2008.10.17"]
[Round "1.4"]
[White "Turova, Irina"]
[Black "Dragovic, Nada"]
[Result "1-0"]
[WhiteElo "2381"]
[BlackElo "2011"]
[PlyCount "69"]
[EventDate "2008.10.17"]
[EventType "team-tourn"]
[EventRounds "7"]
[EventCountry "GRE"]
[Source "lmi"]
[SourceDate "2008.10.17"]
[WhiteTeam "Finek"]
[BlackTeam "Rudar"]

1. d4 d6 2. c4 g6 3. Nc3 Bg7 4. e4 Nf6 5. f4 c6 6. Nf3 Bg4 7. Be3 Qc7 8. Bd3
O-O 9. O-O Nbd7 10. e5 Ne8 11. h3 Bxf3 12. Qxf3 a6 13. c5 b5 14. cxd6 exd6 15.
Rac1 Nb6 16. Bf2 f6 17. e6 f5 18. Nxb5 axb5 19. Rxc6 Qb7 20. Rxb6 Qxb6 21. Qxa8
Nc7 22. Qf3 Bxd4 23. Bc2 Bxf2+ 24. Qxf2 Qxf2+ 25. Kxf2 Nxe6 26. Bb3 Kf7 27. Re1
Re8 28. g4 h6 29. g5 Re7 30. Bd5 Re8 31. b3 Re7 32. a4 bxa4 33. bxa4 Re8 34. a5
Re7 35. Rxe6 1-0

[Event "24. European Club Cup 2008 Femenino"]
[Site "Kallithea GRE"]
[Date "2008.10.17"]
[Round "1.5"]
[White "Muzychuk, Anna"]
[Black "Papadopoulou, Vera"]
[Result "1-0"]
[WhiteElo "2508"]
[BlackElo "2196"]
[PlyCount "69"]
[EventDate "2008.10.17"]
[EventType "team-tourn"]
[EventRounds "7"]
[EventCountry "GRE"]
[Source "lmi"]
[SourceDate "2008.10.17"]
[WhiteTeam "Podgorica"]
[BlackTeam "Aspropirgos"]

1. e4 c5 2. Nf3 d6 3. d4 cxd4 4. Nxd4 Nf6 5. Nc3 a6 6. Bg5 e6 7. Qd2 h6 8. Be3
Ng4 9. O-O-O Be7 10. f4 Nxe3 11. Qxe3 Nc6 12. Nf3 Qa5 13. Kb1 Bd7 14. e5 d5 15.
Ne2 Nb4 16. Nc1 Rc8 17. c3 Nc6 18. Nb3 Qa4 19. Bd3 Na5 20. Nbd4 Nc4 21. Bxc4
Qxc4 22. f5 Bc5 23. Rhe1 b5 24. Rc1 Bb6 25. Nd2 Qc5 26. Qg3 Rg8 27. fxe6 Bxe6
28. Nxe6 fxe6 29. Rf1 g5 30. Qh3 Qe7 31. Qh5+ Kd8 32. Rf7 Qe8 33. Ne4 Rc7 34.
Nd6 Qc6 35. Rcf1 1-0

[Event "24. European Club Cup 2008 Femenino"]
[Site "Kallithea GRE"]
[Date "2008.10.17"]
[Round "1.5"]
[White "Cherenkova, Kristina"]
[Black "Maric, Alisa"]
[Result "0-1"]
[WhiteElo "2245"]
[BlackElo "2405"]
[PlyCount "96"]
[EventDate "2008.10.17"]
[EventType "team-tourn"]
[EventRounds "7"]
[EventCountry "GRE"]
[Source "lmi"]
[SourceDate "2008.10.17"]
[WhiteTeam "Aspropirgos"]
[BlackTeam "Podgorica"]

1. e4 e6 2. d3 d5 3. Nd2 c5 4. Ngf3 Nf6 5. g3 g6 6. Bg2 Bg7 7. O-O O-O 8. c3
Nc6 9. e5 Nd7 10. d4 b5 11. Re1 Rb8 12. Nf1 b4 13. Ne3 cxd4 14. cxd4 f6 15.
exf6 Nxf6 16. Ne5 Qb6 17. N3c4 dxc4 18. Nxc6 Rb7 19. Ne5 Rc7 20. Be3 Nd5 21.
Rc1 c3 22. bxc3 bxc3 23. h4 Bb7 24. h5 gxh5 25. Bxd5 Bxd5 26. Qxh5 Qb5 27. Bf4
Ba8 28. Qh3 Rf5 29. Rb1 Qe8 30. Nd3 Rc8 31. Qxf5 exf5 32. Rxe8+ Rxe8 33. Ne5
Bd5 34. Rc1 Rc8 35. a4 c2 36. f3 Bf8 37. Nd7 Bxf3 38. Nxf8 Kxf8 39. Kf2 Be4 40.
Bd6+ Kf7 41. Bc5 Rb8 42. d5 a6 43. d6 Ke6 44. Be3 Rb4 45. Bf4 Rxa4 46. Ke3 Rb4
47. Kd2 Rb1 48. Kc3 a5 0-1

[Event "24. European Club Cup 2008 Femenino"]
[Site "Kallithea GRE"]
[Date "2008.10.17"]
[Round "1.5"]
[White "Gaponenko, Inna"]
[Black "Fakhretdinova, Margarita"]
[Result "1/2-1/2"]
[WhiteElo "2473"]
[BlackElo "2147"]
[PlyCount "104"]
[EventDate "2008.10.17"]
[EventType "team-tourn"]
[EventRounds "7"]
[EventCountry "GRE"]
[Source "lmi"]
[SourceDate "2008.10.17"]
[WhiteTeam "Podgorica"]
[BlackTeam "Aspropirgos"]

1. e4 e5 2. Nf3 Nc6 3. Bb5 a6 4. Bxc6 dxc6 5. O-O f6 6. d4 exd4 7. Nxd4 c5 8.
Ne2 Qxd1 9. Rxd1 Bd7 10. Be3 O-O-O 11. Nbc3 Re8 12. Rd2 b6 13. Rad1 Bc6 14. f3
Ne7 15. Nf4 Ng6 16. Nxg6 hxg6 17. Bf4 Be7 18. Nd5 Bd8 19. Ne3 g5 20. Bg3 g6 21.
Bf2 Rh7 22. c4 Rd7 23. g4 Rxd2 24. Rxd2 Bd7 25. Kg2 Be6 26. h4 gxh4 27. Bxh4 c6
28. b3 g5 29. Bg3 Bc7 30. Rd1 b5 31. Rc1 Rd8 32. cxb5 Rd2+ 33. Kh3 axb5 34.
Rxc5 Kd7 35. Bxc7 Kxc7 36. Rc2 Rd3 37. Re2 c5 38. Kg3 c4 39. bxc4 bxc4 40. Kf2
Kd6 41. Rc2 Ke5 42. Ke2 Kd4 43. Rd2 Rxd2+ 44. Kxd2 c3+ 45. Ke2 Bxa2 46. Nc2+
Ke5 47. Ke3 Bb3 48. Ne1 Bc4 49. Nc2 Ba2 50. Nd4 Bc4 51. Nc2 Bb3 52. Ne1 Bc4
1/2-1/2

[Event "24. European Club Cup 2008 Femenino"]
[Site "Kallithea GRE"]
[Date "2008.10.17"]
[Round "1.5"]
[White "Iordanidou, Zoi"]
[Black "Kovalevskaya, Ekaterina"]
[Result "0-1"]
[WhiteElo "2110"]
[BlackElo "2439"]
[PlyCount "106"]
[EventDate "2008.10.17"]
[EventType "team-tourn"]
[EventRounds "7"]
[EventCountry "GRE"]
[Source "lmi"]
[SourceDate "2008.10.17"]
[WhiteTeam "Aspropirgos"]
[BlackTeam "Podgorica"]

1. e4 c5 2. Nf3 Nc6 3. d3 e6 4. g3 d5 5. Nbd2 Bd6 6. Bg2 Nge7 7. O-O O-O 8. Nh4
Bc7 9. f4 dxe4 10. Nxe4 f5 11. Nc3 e5 12. fxe5 Bxe5 13. Bg5 Bf6 14. Qd2 Be6 15.
Rae1 Bxg5 16. Qxg5 Rf6 17. Ne4 Qd4+ 18. Nf2 Qxb2 19. Rb1 Qc3 20. Rxb7 h6 21.
Qe3 Re8 22. Nd1 Qd4 23. c3 Qd6 24. Rb5 Ne5 25. Nf2 Nd7 26. Re1 Bf7 27. Qd2 Nb6
28. Nf3 Ned5 29. Rbb1 Rfe6 30. Rxe6 Rxe6 31. Re1 Na4 32. Nd1 Qe7 33. Kf2 Nab6
34. Rxe6 Qxe6 35. Qe2 Na4 36. Qc2 Be8 37. Nd2 Nab6 38. Nf3 Ba4 39. Qe2 Qxe2+
40. Kxe2 Bxd1+ 41. Kxd1 Nxc3+ 42. Kd2 Nxa2 43. Nh4 f4 44. gxf4 Nb4 45. Be4 N6d5
46. f5 a5 47. Kc1 Nf4 48. Kd2 a4 49. Kc3 a3 50. Kb3 a2 51. Kb2 Kf7 52. Ng2 Nxg2
53. Bxg2 Kf6 0-1

[Event "24. European Club Cup 2008 Femenino"]
[Site "Kallithea GRE"]
[Date "2008.10.17"]
[Round "1.6"]
[White "Congiu, Mathilde"]
[Black "Ushenina, Anna"]
[Result "1/2-1/2"]
[WhiteElo "2230"]
[BlackElo "2496"]
[PlyCount "89"]
[EventDate "2008.10.17"]
[EventType "team-tourn"]
[EventRounds "7"]
[EventCountry "GRE"]
[Source "lmi"]
[SourceDate "2008.10.17"]
[WhiteTeam "Vandoeucre"]
[BlackTeam "Saratov"]

1. e4 c5 2. c3 Nf6 3. e5 Nd5 4. Nf3 Nc6 5. d4 cxd4 6. cxd4 d6 7. Bc4 Nb6 8. Bb5
Bd7 9. Nc3 dxe5 10. dxe5 g6 11. O-O Bg7 12. Qe2 O-O 13. h3 Qc7 14. Bf4 a6 15.
Bd3 Rfd8 16. Rac1 Rac8 17. Rfe1 Be6 18. Bb1 Nd5 19. Bg3 Nxc3 20. Rxc3 Qb6 21.
Bh4 Bd5 22. Be4 Bxe4 23. Qxe4 Qxb2 24. Rb3 Qxa2 25. Rxb7 Qd5 26. Bxe7 Qxe4 27.
Rxe4 Rd1+ 28. Kh2 Re8 29. Bg5 Rd5 30. e6 f5 31. Rc4 Na5 32. Rxg7+ Kxg7 33. Rc7+
Kg8 34. Bh6 f4 35. Rg7+ Kh8 36. Rf7 Nc6 37. Ng5 Rxg5 38. Bxg5 Rxe6 39. Bh6 Re8
40. Rxf4 a5 41. Rc4 Re6 42. Rf4 Re8 43. Rc4 Re6 44. Rf4 Re8 45. Rc4 1/2-1/2

[Event "24. European Club Cup 2008 Femenino"]
[Site "Kallithea GRE"]
[Date "2008.10.17"]
[Round "1.6"]
[White "Paehtz, Elisabeth"]
[Black "Steil-Antoni, Fiona"]
[Result "1/2-1/2"]
[WhiteElo "2471"]
[BlackElo "2166"]
[PlyCount "84"]
[EventDate "2008.10.17"]
[EventType "team-tourn"]
[EventRounds "7"]
[EventCountry "GRE"]
[Source "lmi"]
[SourceDate "2008.10.17"]
[WhiteTeam "Saratov"]
[BlackTeam "Vandoeucre"]

1. e4 e5 2. Nf3 Nc6 3. Bc4 Bc5 4. d3 d6 5. c3 Nf6 6. Bb3 a6 7. h3 Ba7 8. Nbd2
O-O 9. Nf1 d5 10. Qe2 h6 11. g4 Re8 12. Ng3 Be6 13. g5 dxe4 14. dxe4 hxg5 15.
Bxg5 Bxb3 16. axb3 Qd6 17. Rg1 g6 18. Nh4 Nh7 19. Be3 Qf6 20. Nhf5 Bxe3 21.
Nxe3 Ne7 22. O-O-O Rad8 23. Ngf5 Ng5 24. Ng4 Qe6 25. Ngh6+ Kf8 26. Rxg5 gxf5
27. Nxf5 Nxf5 28. exf5 Rxd1+ 29. Qxd1 Qh6 30. Qh5 Qxh5 31. Rxh5 Ke7 32. Kd2 Rg8
33. Rh4 Kf6 34. Rg4 Rh8 35. h4 Kxf5 36. f3 Rh6 37. Ke3 Rg6 38. Rc4 c6 39. Kf2
Rd6 40. Ke2 Rg6 41. Kf2 Rd6 42. Ke2 Rg6 1/2-1/2

[Event "24. European Club Cup 2008 Femenino"]
[Site "Kallithea GRE"]
[Date "2008.10.17"]
[Round "1.6"]
[White "Klipper, Rebecca"]
[Black "Kovanova, Baira"]
[Result "0-1"]
[WhiteElo "2023"]
[BlackElo "2379"]
[PlyCount "164"]
[EventDate "2008.10.17"]
[EventType "team-tourn"]
[EventRounds "7"]
[EventCountry "GRE"]
[Source "lmi"]
[SourceDate "2008.10.17"]
[WhiteTeam "Vandoeucre"]
[BlackTeam "Saratov"]

1. d4 Nf6 2. Nf3 e6 3. e3 b6 4. Nbd2 Bb7 5. Bd3 c5 6. c3 Nc6 7. O-O Qc7 8. e4
cxd4 9. Nxd4 Ne5 10. Bc2 Be7 11. f4 Ng6 12. e5 Nd5 13. Ne4 O-O 14. Qh5 f5 15.
exf6 Bxf6 16. Ng5 Bxd4+ 17. cxd4 Nf6 18. Qe2 Ne7 19. f5 Nxf5 20. Nxe6 Ng3 21.
hxg3 dxe6 22. Bf4 Qc6 23. Rac1 Qd7 24. Be5 Rac8 25. Bb3 Nd5 26. Rxf8+ Rxf8 27.
Bxd5 Qxd5 28. Rc7 Rf7 29. Rxf7 Kxf7 30. Qh5+ Kf8 31. Qf3+ Qxf3 32. gxf3 Bxf3
33. Kf2 Bd5 34. a3 Kf7 35. Bb8 a6 36. Bc7 b5 37. Ke3 g5 38. Bd6 h5 39. Bc7 Kg6
40. Bd6 Kf5 41. Bc7 Kg4 42. Kf2 Bc6 43. Bd6 a5 44. Bc7 a4 45. Bd6 Kf5 46. Ke3
Kf6 47. Bc7 Ke7 48. Be5 Bh1 49. Kf2 Be4 50. Ke3 Bf5 51. Bg7 h4 52. gxh4 gxh4
53. Be5 Kd7 54. Kd2 Kc6 55. Kc3 Kd5 56. Kd2 Ke4 57. Ke2 Bg4+ 58. Kf2 Bf3 59.
Bf6 h3 60. Be5 Bh1 61. Ke2 Bg2 62. Bh2 Kxd4 63. Bg1+ Ke4 64. Bh2 Bf3+ 65. Kf2
e5 66. Kg3 Bg2 67. Kf2 Kd4 68. Ke1 e4 69. Bf4 Kc4 70. Be5 b4 71. axb4 Kxb4 72.
Kf2 Kb3 73. Ke3 Kc2 74. Ke2 Bf3+ 75. Ke3 Kc1 76. Kf2 h2 77. Bxh2 Kxb2 78. Be5+
Ka2 79. Ke3 a3 80. Bd6 Kb2 81. Be5+ Kb1 82. Kd2 a2 0-1